Relish cook book for all occasions / (Record no. 41878)

MARC details
000 -LEADER
fixed length control field 00704nam a22002177a 4500
005 - DATE AND TIME OF LATEST TRANSACTION
control field 20100814123056.0
010 ## - LCCN (DPL NO)
LC control number ENG-100293
020 ## - INTERNATIONAL STANDARD BOOK NUMBER
Terms of availability 165.00
035 ## - SYSTEM CONTROL NUMBER
System control number EN-83825
037 ## - SOURCE OF ACQUISITION
Source of stock number/acquisition DBAD/PUB
082 ## - DEWEY DECIMAL CLASSIFICATION NUMBER
Classification number 641.503
100 ## - MAIN ENTRY--PERSONAL NAME
Personal name Saleh,Sarika
245 ## - TITLE STATEMENT
Title Relish cook book for all occasions /
Statement of responsibility, etc by Sarika Saleh
250 ## - EDITION STATEMENT
Remainder of edition statement 2nd enl ed,
260 ## - PUBLICATION, DISTRIBUTION, ETC. (IMPRINT)
Place of publication, distribution, etc Assam
Name of publisher, distributor, etc Sarika Saleh
Date of publication, distribution, etc 2009
270 ## - ADDRESS
Address Rajabari Jorhat 14 Assam
City Assam
Postal code 14
300 ## - PHYSICAL DESCRIPTION
Extent 170p
Dimensions 21cm(Hb)
500 ## - GENERAL NOTE
General note includes Index
942 ## - ADDED ENTRY ELEMENTS (KOHA)
Source of classification or shelving scheme Dewey Decimal Classification
Item type English Books
Classification part 641.503
Call number suffix SAL
Holdings
Withdrawn status Lost status Not for loan Collection code Home library Current library Date acquired Source of acquisition Cost, normal purchase price Full call number Barcode Copy number Cost, replacement price Koha item type
    Not For Loan Non-fiction D.B.Act.Division D.B.Act.Division 14/08/2010 DBAD/PUB 165.00 641.503 SAL EN-83825 1 165.00 English Books

© Delhi Public Library
Hit Counter
free hit counter